000 02755cam a22005654i 4500
003 PE-LiUPU
005 20250731173306.0
008 150625s2003 sp rb 000 0 spa d
020 _a8429315920
020 _a9788429315028
035 _a(Sirsi) i9788429315929
035 _a(Sirsi) i9788429315929
040 _aPE-LiUPU
_bspa
_cPE-LiUPU
_erda
049 _aPRUA
082 0 4 _a210
_bP56
_220
100 1 _aPikaza Ibarrondo, Xabier,
_eautor.
245 1 0 _aDios es palabra :
_bTeodicea cristiana /
_cXabier Pikaza Ibarrondo.
264 1 _aBilbao :
_bSal Terrae,
_c2003.
300 _a392 páginas ;
_c24 centímetros.
336 _atext
_2rdacontent
337 _aunmediated
_2rdamedia
338 _avolume
_2rdacarrier
490 0 _aColección «PANORAMA» ;
_v3
504 _aBibliografía: páginas 369-392.
505 0 _aEn el principio era Dios -- Palabra de razón, palabra religiosa -- Formas, caminos y categorías de la teodicea -- Teodicea familiar, cósmica y antropológica -- Yahvé, Dios de palabra -- Religión de Israel, mesianismo universal -- Identidad israelita: Yahvé, nombre sin nombre -- Jesús, palabra de Dios -- Reino de los cielos, vida humana -- Dios, palabra disputada -- Historia del espíritu, guerras de religión -- Promesa de Dios, parusía de Cristo -- Dios, palabra de razón -- Kant y la teodicea de la modernidad -- Silencio de Dios, nueva comunicación -- Posmodernidad, religiones, teodicea -- Palabra de hombre, lenguaje de Dios -- Cinco claves de la teodicea -- Dios, misterio del mundo.
526 _aSEG42
526 _aSEG41
526 _aSEG40
526 _aSEG39
526 _aP94
526 _aP87
526 _aP86
526 _aP85
526 _aP77
526 _aP76
526 _aP35
541 _g007-0004740;
541 _g007-0017629;
650 0 4 _aTeología natural.
_95882
650 0 4 _aDios.
_93786
910 _baj
_ceq-nm
_d20051025
910 _adbm
_bjpc
_cjpc
_d20190422
942 _2ddc
_cBOOK
949 _a231 P56
_wDEWEY
_c1
_i60257
_lCCODEBUL1
_mBUL
_p31.00
_r0
_sY
_tBOOK
_u2015-6-25
_xTEOLOGIA
_zUNKNOWN
_0COMPRA
_o.STAFF. Colección General
949 _a231 P56
_wDEWEY
_c2
_i55902
_lCCODEBUL1
_mBUL
_p24.00
_r0
_sY
_tBOOK
_u2015-6-25
_xTEOLOGIA
_zUNKNOWN
_0COMPRA
_o.STAFF. Colección General
994 _aC0
_bPEPRU
596 _a1
999 _a210 P56
_wDEWEY
_c44740
_i60257
_f2021-11-9
_g3
_lCCODEBUL1
_mBUL
_p31.00
_r0
_sY
_tBOOK
_u2015-6-25
_xTEOLOGIA
_zUNKNOWN
_0COMPRA
_o.STAFF. Colección Teología
_d44740
999 _a210 P56
_wDEWEY
_c2
_i55902
_f2021-11-9
_g6
_lCCODEBUL1
_mBUL
_p24.00
_q1
_r0
_sY
_tBOOK
_u2015-6-25
_xTEOLOGIA
_zUNKNOWN
_0COMPRA
_o.STAFF. Colección Teología
980 _81
_gALBERTO SANCHEZ Responsable de Automatización